Statistics for 駅名に「温泉」が含まれる日本の鉄道駅

Click here to take the quiz!

General Stats

  • This quiz has been taken 54 times
  • The average score is 31 of 63

Answer Stats

HintAnswer% Correct
七尾線和倉温泉
91%
北陸新幹線黒部宇奈月温泉
89%
東武鬼怒川線鬼怒川温泉
89%
ハピラインふくい線芦原温泉
86%
神鉄有馬線有馬温泉
86%
IRいしかわ鉄道線加賀温泉
84%
西九州新幹線・佐世保線武雄温泉
82%
山陰本線城崎温泉
80%
中央本線石和温泉
75%
福島交通飯坂線飯坂温泉
73%
西九州新幹線嬉野温泉
73%
上田電鉄別所線別所温泉
70%
小田急小田原線鶴巻温泉
70%
陸羽東線鳴子温泉
70%
湖西線おごと温泉
70%
富山地方鉄道本線宇奈月温泉
66%
宗谷本線天塩川温泉
66%
羽越本線あつみ温泉
66%
伊予鉄道市内線道後温泉
66%
近鉄湯の山線湯の山温泉
64%
飯山線戸狩野沢温泉
64%
釧網本線川湯温泉
61%
IGRいわて銀河鉄道金田一温泉
59%
山口線湯田温泉
59%
近鉄大阪線榊原温泉口
59%
吾妻線川原湯温泉
57%
一畑電車北松江線松江しんじ湖温泉
57%
身延線下部温泉
57%
函館市電湯の川温泉
57%
山陰本線温泉津
52%
飯田線湯谷温泉
52%
山陰本線玉造温泉
52%
青い森鉄道浅虫温泉
50%
奥羽本線大鰐温泉
50%
奥羽本線かみのやま温泉
48%
野岩鉄道会津鬼怒川線上三依塩原温泉口
43%
野岩鉄道会津鬼怒川線川治温泉
43%
肥薩線霧島温泉
39%
陸羽東線中山平温泉
39%
吉都線京町温泉
34%
野岩鉄道会津鬼怒川線中三依温泉
34%
大井川鐵道井川線接岨峡温泉
34%
智頭急行智頭線あわくら温泉
32%
陸羽東線川渡温泉
32%
陸羽東線瀬見温泉
32%
野岩鉄道会津鬼怒川線湯西川温泉
32%
長良川鉄道越美南線みなみ子宝温泉
30%
花輪線湯瀬温泉
30%
大井川鐵道大井川本線川根温泉笹間渡
30%
吾妻線小野上温泉
30%
富士急行線葭池温泉前
25%
会津鉄道会津線芦ノ牧温泉
25%
山陰本線川棚温泉
23%
陸羽東線赤倉温泉
23%
会津鉄道会津線芦ノ牧温泉南
20%
肥薩おれんじ鉄道線日奈久温泉
20%
会津鉄道会津線湯野上温泉
18%
秋田内陸縦貫鉄道阿仁前田温泉
18%
WILLER TRAINS 宮津線夕日ヶ浦木津温泉
16%
明知鉄道明知線花白温泉
16%
長良川鉄道越美南線湯の洞温泉口
14%
花輪線大滝温泉
14%
平成筑豊鉄道田川線柿下温泉口
5%

Score Distribution

Percentile by Number Answered

Percent of People with Each Score

Your Score History

You have not taken this quiz